000 00241 a2200121 4500
001 194875
040 _cMagnum
100 _aPRADO, Jane
240 1 0 _aAmar o mar
_lpor
245 1 0 _aAmar o mar
697 _aLITERATURA INFANTIL
942 _cBK
999 _c194875
_d194875